000 00372nam a22001457a 4500
008 250915b |||||||| |||| 00| 0 eng d
020 _a9780446695025
050 _aBT736.4
_bM39
100 _aMeyer Joyce
245 _aIn pursuit of peace
260 _aBosto
_bWarner Faith
_c2004
300 _axi,2191p.
650 _apeace-Religious Aspects- christianity
942 _cBK
999 _c4472
_d4472